000 00939cam a22002894a 4500
001 15021480
005 20180109035650.0
008 070925s2008 maua b 001 0 eng
010 _a 2007038711
015 _aGBA781224
_2bnb
016 7 _a014056782
_2Uk
020 _a9780205594092
020 _a0205594093
035 _a(OCoLC)ocn173509299
035 _a(OCoLC)173509299
040 _aDLC
_cDLC
_dUKM
_dBTCTA
_dBAKER
_dYDXCP
_dC#P
_dBWX
_dDLC
041 _aeng
080 _a174.9364 ALB
082 0 0 _a174.9364 ALB
_222
100 1 _a14
101 _aJUR
245 1 0 _aProfessional ethics in criminal justice :
_cJay S. Albanese.
504 _aIncludes bibliographical references and index.
906 _a7
_bcbc
_corignew
_d1
_eecip
_f20
_gy-gencatlg
942 _2ddc
_cBK
999 _c39848
_d39848